Urban Landownership In Kota Bahru & Jeli, Kelantan

Bibliographic Details
Main Author: Goh, Ban Lee
Other Authors: Hans-Dieter, Evers
Format: Book
Published: Pulau Pinang : Universiti Sains Malayasia , 1976
Series:Siri kertas Projek, NO. 5
Subjects:

MARC

LEADER 00000cam a2200000 7i4500
001 0000016810
005 20060711.0
040 |a INS 
090 0 0 |a Research242 
100 1 |a Goh, Ban Lee 
245 1 0 |a Urban Landownership In Kota Bahru & Jeli, Kelantan   |c Goh Ban Lee & Evers Hans-Dieter 
260 |a Pulau Pinang :   |b Universiti Sains Malayasia ,   |c 1976 
300 |a 33p :   |b ill ;   |c 28cm. 
440 0 |a Siri kertas Projek, NO. 5 
650 0 0 |a Land tenure   |z Kelantan 
700 1 |a Hans-Dieter, Evers 
999 |a RES0000350   |b BOOK   |c Research By JPPH Staff   |e Default branch